000 00759nam a2200253 a 4500
008
020 _a9780273713791 (pbk.)
049 _aMAIN
090 _aHF5437
_bPRO
100 1 _aBaily, Peter.
245 1 0 _aProcurement principles and management /
_cPeter Baily . . . [et al. ] .
250 _a10th ed.
260 _aHarlow :
_bFT Prentice Hall,
_c2008.
300 _axv, 448 p. :
_bill. ;
_c25 cm.
650 _aPurchasing principles and management.
650 _aIndustrial procurement- Management.
650 1 _aPurchasing-Management.
700 _aFarmer, David.
907 _a.b10335043
_b16-09-13
_c11-09-13
003
005 20230123122028.0
040 _cNUST
942 _cBOOKS
_kHF5437
_mPRO
999 _c126578
_d126578